| 000 | 01216nam a22002897a 4500 | ||
|---|---|---|---|
| 005 | 20130930120322.0 | ||
| 010 | _aENG-108138 | ||
| 020 |
_a9788184247619 _c900.00 |
||
| 035 | _aEN-91671 | ||
| 037 | _bDBAD/PUB | ||
| 082 | _a658.406 | ||
| 245 |
_aInnovation in management : _cedited by M.S. Rangaraju [and] S. Hanuman Kennedy _bchallenges and opportunities in the next decade / |
||
| 260 |
_aNew Delhi _bAllied Publishers _c(201?) |
||
| 270 |
_bNew Delhi _e110002 _a1/13-14 Asaf Ali Road |
||
| 300 |
_axvii,412p. : _c25cm(Hb) _bill. |
||
| 500 | _a "PES Institute of Technology"--Cover. | ||
| 500 | _a Includes bibliographical references and index. | ||
| 505 | _aSection 1. Academicians and researchers -- section 2. Amateur authors. | ||
| 520 | _a Papers presented at the International Conference on "Innovation in Management: Opportunities and Challenges", held at Bangalore in 2011. | ||
| 650 |
_aOrganizational change _vCongresses. |
||
| 650 |
_a Management _vCongresses. |
||
| 650 |
_a Manpower planning _v Congresses. |
||
| 700 | _a Rangaraju, M. S. | ||
| 700 | _aKennedy, S. Hanuman | ||
| 710 | _aPES Institute of Technology (Bangalore, India) | ||
| 942 |
_2ddc _cEN _mINN _h658.406 |
||
| 999 |
_c78013 _d78013 |
||